Statistiques concernant Joueur du PSG 2023/2024

Cliquez ici pour prendre le quiz!

Statistiques générales

  • Ce quiz a été pris 241 fois
    (117 depuis la dernière actualisation)
  • Le résultat moyen est 22 sur 35

Statistiques - réponses

PosteRéponse% Correct
AKyllian Mbappé
97%
MEthan Mbappé
96%
G
Gianluigi Donnarumma
94%
AOusmane Dembele
91%
GKeylor Navas
87%
MWarren Zaire Emery
85%
DMarquinhos
84%
ARandal Kolo Muani
84%
DAchraf Hakimi
82%
ABradley Barcola
81%
DNuno Mendes
81%
AGoncalo Ramos
80%
DLucas Hernandez
80%
DPresnel Kimpembe
80%
MFabian Ruiz
76%
MCarlos Soler
71%
MVitinha
70%
DMilan Skriniar
68%
GArnau Tenas
66%
MKang in Lee
66%
MManuel Ugarte
66%
G
Alexandre Letellier
65%
DNordi Mukiele
65%
MDanilo Pereira
61%
DLucas Beraldo
61%
AMarco Asensio
58%
GSergio Rico
54%
DLayvin Kurzawa
44%
MSenny Mayulu
38%
DYoram Zague
13%
DSherif Nhaga
6%
DJoane Gadou
4%
GLouis Mouquet
4%
GBilal Laurendon
1%
DErwan Adonis
1%

Distribution des résultats

Percentile par nombre de réponses

% des personnes avec chaque résultat

Votre développement - résultats

Vous n’avez pas pris ce quiz depuis la dernière actualisation